La filosofía de San Buenaventura
Uloženo v:
| Hlavní autor: | |
|---|---|
| Médium: | Kniha |
| Jazyk: | španělština |
| Vydáno: |
Buenos Aires
Desclée
1948
|
| Edice: | Colección Thau
|
| Témata: | |
| Tagy: |
Přidat tag
Žádné tagy, Buďte první, kdo vytvoří štítek k tomuto záznamu!
|
MARC
| LEADER | 00000nam a2200000 a 4500 | ||
|---|---|---|---|
| 001 | UCZ2390 | ||
| 003 | CL-VaPUC | ||
| 008 | 950929e19480000AG |||||||||||||||||spa|d | ||
| 082 | 0 | 4 | |a 230 |b GIL |2 21 |
| 100 | |a Gilson, Étienne |e autor |9 349171 | ||
| 245 | 1 | 3 | |a La filosofía de San Buenaventura |
| 300 | |a 484 p | ||
| 942 | |c BK | ||
| 945 | |d 19950929 00:00:00 |a cmena | ||
| 260 | |a Buenos Aires |b Desclée |c 1948 | ||
| 600 | 0 | 7 | |a SAN BUENAVENTURA |2 CL-VaPUC |9 345665 |
| 650 | 0 | |a Filosofía |9 223554 | |
| 650 | 0 | |a Teología |9 258766 | |
| 650 | 0 | |a Biografías |9 255210 | |
| 583 | |a last modification |c 19950929 00:00:00 |k Rodrigo Vera | ||
| 490 | 0 | |a Colección Thau | |
| 999 | |c 239014 |d 239012 | ||
| 952 | |0 0 |1 0 |4 0 |6 230_000000000000000_GIL_1948 |7 0 |8 P |9 249790 |a BIBEDU |b BIBEDU |c BIBEDU_PB |d 2019-11-18 |i 1567888 |o 230 GIL 1948 |p 1567888 |r 2024-01-25 |w 2019-11-18 |y BK |k FIL | ||